| 000 | 01098nam a22003137a 4500 | ||
|---|---|---|---|
| 003 | EG-ScBUE | ||
| 005 | 20220524142500.0 | ||
| 008 | 100315s2002 enk f 000 0 eng d | ||
| 020 | _a0007134002 | ||
| 020 | _a9780007134007 | ||
| 040 |
_aEG-ScBUE _beng _erda _cEG-ScBUE _dEG-ScBUE |
||
| 082 | 0 | 4 |
_222 _a428.24 _bCOL |
| 245 | 0 | 0 | _aCollins cobuild idioms workbook. |
| 246 | 3 | 4 |
_aCollins CoBUILD idioms workbook : _bfor use with the Collins CoBUILD dictionary of idioms |
| 250 | _aSecond edition. | ||
| 264 | 1 |
_aGlasgow, Great Britain : _bHarper Collins Publishers, _c2002. |
|
| 300 |
_a64 pages ; _c25 cm |
||
| 336 |
_2rdacontent _atext _btxt |
||
| 337 |
_2rdamedia _aunmediated _bn |
||
| 338 |
_2rdacarrier _avolume _bnc |
||
| 500 | _a1st ed. authored by Malcolm Goodale. | ||
| 500 | _a"For use with the Collins COBUILD Dictionary of Idioms"--Cover. | ||
| 650 | 7 |
_912743 _aEnglish language _xIdioms. _2BUEsh |
|
| 650 | 7 |
_912744 _a English language _vProblems, exercises, etc _xIdioms. _2BUEsh |
|
| 651 | _2BUEsh | ||
| 653 | _bHHUUEENN | ||
| 655 |
_vReading book _934232 |
||
| 942 |
_2ddc _cBB |
||
| 999 |
_c13694 _d13694 |
||